[Event "Marmaris Karya-13 IM 2022"]
[Site "Icmeler-Marmaris"]
[Date "2022.01.26"]
[Round "1.1"]
[White "Sibashvili, Giorgi"]
[Black "Kaya, Serhat"]
[Result "1-0"]
[WhiteElo "2398"]
[BlackElo "1705"]
[Annotator "TA"]
[PlyCount "88"]
[EventDate "2022.01.27"]
[EventType "schev"]
[EventCountry "TUR"]
[SourceTitle "playchess.com"]
[Source "ChessBase"]
[SourceQuality "1"]

{[%evp 14,88,64,96,91,0,7,-36,-37,-23,-37,-60,0,6,25,-89,-31,-18,162,149,240,232,218,220,231,216,248,251,260,221,226,240,356,408,396,390,397,402,408,405,374,362,371,376,378,329,301,244,330,333,327,319,373,370,373,373,371,358,391,392,429,464,452,382,429,431,597,585,29978,29977,29980,29981,29981,29982,29982,29983,29982]} 1. c4 c6 2. d4 d5 3. Nc3 dxc4 4. a4 Nf6 5. Nf3 Bg4 6. Ne5 Bh5 7. f3 e6 8. g4 {White is more active.} (8. Nxc4 c5 $11) 8... Nd5 {...Qh4+ is the strong threat. D16: Slav Defence: 5 a4: Lines with 5...Bg4 and 5...Na6.} 9. h4 ({White should try} 9. e4 $16 Nxc3 10. bxc3 Qh4+ 11. Ke2) 9... Bb4 $11 10. Qd2 {[#]} (10. Bd2 $11 f6 11. Nxc4 (11. gxh5 fxe5 12. h6 g6 $15)) 10... f6 $1 $15 {Black is slightly better.} 11. Nxc4 Bf7 12. e4 {[#]} Nc7 $146 ({Black should play} 12... Nb6 $15) ({Predecessor:} 12... Nb6 13. Ne3 a5 14. Nc2 Be7 15. Qf2 Na6 16. Be3 Nb4 17. Na3 Nd7 18. Bc4 Rc8 {½-½ (38) Brunner,N (2269)-Marzolo,C (2437) Le Touquet 2004}) 13. Qh2 $11 b5 14. Nd2 (14. Ne3 $11 {remains equal.}) 14... Nd7 (14... O-O $17) 15. axb5 $15 c5 $2 {A mistake that costs the game.} (15... Nxb5 $11 16. Nxb5 cxb5) 16. Qd6 $36 {[%mdl 2048] White is in control.} Nb6 (16... Qb8 $16 {is a better defense.} 17. h5 Qb6 18. Qxb6 axb6 19. Rxa8+ Nxa8) 17. Qxd8+ $18 ({Weaker is} 17. dxc5 Qxd6 18. cxd6 Bxd6 $16) (17. Qc6+ $6 Kf8) 17... Kxd8 18. dxc5 Bxc5 {[#]} 19. Nb3 $1 Bd6 20. Be3 Bg3+ 21. Kd1 ({Much less strong is} 21. Bf2 $6 Bxf2+ 22. Kxf2 Ke7 $18) 21... e5 22. Na5 {And now Ne2 would win.} ({Don't take} 22. Kc2 Bf4) 22... Kd7 (22... Bf4 $142) 23. Ne2 Bf4 24. Nxf4 exf4 25. Bxf4 Rhc8 26. Rh2 Ne6 27. Rd2+ Ke8 28. Be3 Nc5 29. Bxc5 Rxc5 30. Rc1 Na4 31. Rxc5 Nxc5 32. b4 Na4 33. Nc6 Bb3+ 34. Ke1 Nb6 35. Rd3 Bc4 36. Ra3 Kd7 37. Bxc4 Nxc4 38. Rxa7+ Rxa7 39. Nxa7 {[%mdl 4096] Endgame KN-KN} Kc7 40. Nc6 Ne5 41. Nxe5 {White mates.} fxe5 42. Kd2 Kb6 43. Kc3 Kxb5 44. Kb3 h6 {Weighted Error Value: White=0.17 (very precise) /Black=0.59} 1-0

[Event "Marmaris Karya-13 IM 2022"]
[Site "Icmeler-Marmaris"]
[Date "2022.01.26"]
[Round "1.2"]
[White "Blesic, Vaso"]
[Black "Karadag, Eflatun Cem"]
[Result "1-0"]
[WhiteElo "2276"]
[BlackElo "1827"]
[Annotator "TA"]
[PlyCount "97"]
[EventDate "2022.01.27"]
[EventType "schev"]
[EventCountry "TUR"]
[SourceTitle "playchess.com"]
[Source "ChessBase"]
[SourceQuality "1"]

{[%evp 22,97,0,-6,15,12,10,6,15,-2,18,16,28,22,40,14,17,12,46,46,46,46,47,46,50,49,74,70,145,145,145,145,150,98,98,95,190,190,190,156,161,129,129,129,129,129,129,129,129,129,129,129,129,129,129,122,122,122,122,122,122,122,122,122,112,112,122,122,29979,29980,29980,29981,29983,29984,29983,29984,29983,29983]} 1. e4 e5 2. Nf3 Nc6 3. Bb5 a6 4. Bxc6 dxc6 5. O-O f6 6. d4 exd4 7. Nxd4 c5 8. Ne2 Qxd1 9. Rxd1 Bd7 10. Nbc3 O-O-O 11. f3 Ne7 12. Bf4 Be6 {C69: Ruy Lopez: Exchange Variation with 5 0-0 f6.} 13. Rxd8+ Kxd8 14. Rd1+ Kc8 {[#] The position is equal.} 15. Bg3 $146 ({Predecessor:} 15. Kf2 Nc6 16. Nd5 Bxd5 17. Rxd5 Be7 18. c3 Rd8 19. Rxd8+ Nxd8 20. Be3 Ne6 21. f4 g6 22. Kf3 Kd7 23. g4 b5 24. f5 gxf5 {½-½ (25) Maillard,W-Pinus,Y ICCF corr 1990}) 15... Ng6 16. Nd5 Bxd5 17. Rxd5 Be7 18. Nf4 Nxf4 19. Bxf4 Rd8 20. Rxd8+ Kxd8 $14 {[%mdl 4096] Endgame KB-KB} 21. c4 Kd7 22. Kf2 b5 23. b3 {[%cal Bb2b3,Bb3c4][%mdl 32]} Kc6 24. Bd2 bxc4 ({Black should play} 24... Kd7 $14) 25. bxc4 $16 Kd6 {[#]} 26. f4 $1 {[%cal Bf3f4,Bf4f5][%mdl 32]} Ke6 {[#]} 27. Kf3 (27. g4 $142 $1) 27... g6 28. g4 c6 (28... f5 $16 {was worth a try.}) 29. f5+ $18 Kf7 30. Bf4 Kg7 31. e5 gxf5 32. gxf5 {aiming for Bg3.} fxe5 33. Bxe5+ Kf7 34. Kg4 Bf8 35. Kg5 {White is more active.} Be7+ 36. Kh6 {[%cal Of5f6] And now f6! would win.} Kg8 37. h3 Bh4 38. Kh5 Bf2 39. Kg5 {Threatens to win with Kf6.} Kf7 40. Kf4 Ke7 41. Kf3 Be1 42. Bg3 Bc3 43. Bf2 Kf6 44. Ke4 {Inhibits Bd4.} ({But not} 44. Bxc5 $6 Kxf5 45. Ke3 Bf6 $11) 44... Bd4 $2 {[%mdl 8192] This move loses the game for Black.} (44... Ba5 $16) 45. Bxd4+ {White mates.} cxd4 46. Kxd4 Kxf5 47. Kc5 Kf4 48. Kxc6 Kg3 49. Kb6 {Weighted Error Value: White=0.04 (flawless) /Black=0.29 (precise)} 1-0

[Event "Marmaris Karya-13 IM 2022"]
[Site "Icmeler-Marmaris"]
[Date "2022.01.26"]
[Round "1.3"]
[White "Darban, Morteza"]
[Black "Boshra, Alshaeby"]
[Result "1-0"]
[WhiteElo "2261"]
[BlackElo "1974"]
[Annotator "TA"]
[PlyCount "65"]
[EventDate "2022.01.27"]
[EventType "schev"]
[EventCountry "TUR"]
[SourceTitle "playchess.com"]
[Source "ChessBase"]
[SourceQuality "1"]

{[%evp 9,65,14,23,12,12,16,15,19,19,12,40,39,39,54,41,59,63,38,55,60,62,50,36,40,66,20,52,0,0,0,0,0,0,0,0,0,0,0,0,0,0,0,0,0,0,0,51,52,132,122,522,532,519,508,549,347,338,317]} 1. c4 g6 2. Nc3 Bg7 3. g3 e5 4. Bg2 Nf6 5. d4 exd4 $1 6. Qxd4 {A21: English Opening: 1...e5 2 Nc3.} Nc6 7. Qe3+ Ne7 8. Qd2 {The position is equal.} O-O 9. e4 $1 d6 10. Nge2 {[#]} Nc6 $146 ({Predecessor:} 10... Ng4 11. h3 Ne5 12. b3 f5 13. Bb2 fxe4 14. Nxe4 Nd3+ 15. Qxd3 Bxb2 16. Rd1 Bg7 {1-0 (43) Artemiev,V (2728)-Sanal,V (2569) Moscow 2020}) 11. b3 Re8 {[%cal Of6e4]} 12. Bb2 a5 {[%cal Oa5a4]} 13. f3 Ne5 {[%cal Oa5a4]} 14. O-O a4 15. Rad1 $1 (15. Nxa4 Nxc4 $1 16. bxc4 Rxa4 $11) 15... axb3 16. axb3 c6 17. Nc1 ({Worse is} 17. Qxd6 Qb6+ 18. Rf2 Qxb3 $17) (17. Qc2 $14 {is more appropriate.}) 17... Nfd7 18. h3 ({Don't play} 18. Qxd6 Qb6+ 19. Rf2 Bf8 $11) (18. Kh1 $14) 18... Nc5 $11 {[%cal Oc5b3] Strongly threatening ...Nxb3!} 19. Qf2 (19. Qxd6 $2 Qxd6 20. Rxd6 Nxb3 $1 {[%mdl 512]} 21. Nxb3 Nxc4 $17) 19... Qa5 {[%cal Oc5b3]} 20. N3e2 {[%cal Bc3e2,Be2d4,Bd4e6][%mdl 32]} ({But not} 20. Rxd6 Nxb3 $1 21. Nxb3 Qb4 $17) 20... Ned3 21. Nxd3 Nxd3 22. Rxd3 Bxb2 23. Rxd6 Ba3 24. Rd3 Bc5 {This bishop pair is nice.} 25. Nd4 Rd8 26. Rfd1 Qb6 {Threatens to win with ...Rxd4.} 27. Kh2 Ra3 ({Better is} 27... Be6 $11) 28. Qb2 $14 Bf8 {[#]} ({Black should play} 28... Ra8 $14) 29. c5 $1 $40 {[%mdl 128] White is out for blood.} Qxc5 {[%mdl 8192] [#] This costs Black the game.} (29... Qa6 $16) 30. Ne6 $1 $18 {[%mdl 512]} Bxe6 31. Rxd8 Bxb3 32. Rxf8+ Qxf8 33. Rd3 {Weighted Error Value: White=0.10 (very precise) /Black=0.35} 1-0

[Event "Marmaris Karya-13 IM 2022"]
[Site "Icmeler-Marmaris"]
[Date "2022.01.26"]
[Round "1.4"]
[White "Ozsakallioglu, Okan"]
[Black "Haussernot, Cecile"]
[Result "1-0"]
[WhiteElo "2179"]
[BlackElo "2188"]
[Annotator "TA"]
[PlyCount "63"]
[EventDate "2022.01.27"]
[EventType "schev"]
[EventCountry "TUR"]
[SourceTitle "playchess.com"]
[Source "ChessBase"]
[SourceQuality "1"]

{[%evp 10,63,27,11,20,0,15,16,7,-8,28,22,19,17,9,1,108,104,97,114,169,148,168,171,212,218,244,236,397,403,404,394,403,398,396,390,393,297,379,379,379,360,434,429,419,422,570,561,656,655,640,616,29972,29967,29995,29996]} 1. e4 c5 2. Nf3 d6 3. d4 cxd4 4. Nxd4 Nf6 5. Nc3 a6 6. a3 e6 {B90: Sicilian Najdorf: Unusual White 6th moves, 6 Be3 Ng4 and 6 Be3 e5.} 7. g4 $1 {[%mdl 4] now scores much better than the old 7.Be2.} d5 8. exd5 Nxd5 {[#] The position is equal.} 9. Bd2 $146 ({Predecessor:} 9. Ne4 b5 10. Bg2 Bb7 11. Qe2 Be7 12. Bd2 Nc6 13. Nxc6 Bxc6 14. g5 Qc7 15. h4 {½-½ (28) Bobocea,L (1921)-Banzea,A (2401) Mamaia 2019}) 9... Nc6 10. Nxc6 bxc6 11. Ne4 Be7 12. c4 {[%cal Bc2c4,Bc4d5][%mdl 32]} f5 13. cxd5 $16 {[%cal Od5d6] [#] d6! is the strong threat. Black is now going downhill.} fxe4 14. dxc6 O-O (14... Qd5 $16) 15. Be3 $18 {aiming for Qxd8.} Qc7 16. Qa4 Bf6 (16... Rb8 $142 17. O-O-O Qe5) 17. Rb1 Rb8 {[%cal Of6c3]} 18. Qxe4 {Hoping for Bd3.} Bc3+ $2 (18... Qa5+ {was necessary.} 19. Bd2 Qd5) 19. bxc3 Rxb1+ 20. Qxb1 Qxc6 21. Rg1 {[%cal Bh1g1,Bg1g3,Bg3h3][%mdl 32]} Qxc3+ 22. Ke2 Bd7 {[#] White must now prevent ...Bb5+.} 23. f3 Bc6 24. Rg3 Qxa3 25. Kf2 Bd5 26. Bd3 h6 27. g5 h5 28. Rh3 a5 29. Bh7+ Kh8 30. Be4 {Intending Bxd5 and mate.} Bxe4 31. Qxe4 g6 32. Bd4+ {Weighted Error Value: White=0.07 (flawless) /Black=0.76} 1-0

[Event "Marmaris Karya-13 IM 2022"]
[Site "Icmeler-Marmaris"]
[Date "2022.01.26"]
[Round "1.5"]
[White "Ahmad, Al Khatib"]
[Black "Kirilmaz, Emre"]
[Result "0-1"]
[WhiteElo "2218"]
[BlackElo "2229"]
[Annotator "TA"]
[PlyCount "50"]
[EventDate "2022.01.27"]
[EventType "schev"]
[EventCountry "TUR"]
[SourceTitle "playchess.com"]
[Source "ChessBase"]
[SourceQuality "1"]

{[%evp 18,50,32,35,26,0,0,0,0,-35,8,14,20,-179,-176,-183,-181,-200,-214,-205,-189,-292,-293,-346,-360,-375,-352,-716,-737,-1439,-1391,-1340,-1275,-29992,-29993]} 1. e4 e6 2. d4 d5 3. Nd2 dxe4 4. Nxe4 Bd7 5. Nf3 Bc6 6. Bd3 Nd7 7. O-O Ngf6 8. Ng3 Be7 9. Re1 {9.Re1 is better than 9.b3.} O-O 10. c3 b6 {C10: French with 3 Nc3: Unusual Black 3rd moves and 3...dxe4.} 11. a4 Bb7 {[#]} 12. Qe2 $146 ({Predecessor:} 12. a5 c5 13. a6 Bxf3 14. Qxf3 cxd4 15. cxd4 Rc8 16. h4 Nd5 17. h5 Bg5 18. Ne4 Bxc1 19. Raxc1 Rxc1 20. Rxc1 {1-0 (37) Tsaruk,M (2324)-Rustemov,A (2525) Chess.com INT 2021}) 12... c5 {The position is equal.} 13. Ng5 {[%cal Og5e6] Strongly threatening Nxe6!} Kh8 {[#]} (13... Qc7 $15 {is more appropriate.}) 14. Nf5 $1 $11 {[%cal Og5e6]} cxd4 15. Bf4 $2 {This costs White the game.} (15. Nxd4 $11 {and White stays safe.} Qc7 16. Ngf3) 15... Nd5 $19 16. Qh5 {[%csl Gg5][%cal Rh5h7]} Bxg5 {Chess con chili.} ({Not} 16... N7f6 17. Nxf7+ Rxf7 18. Qxf7 exf5 19. Be5 $15) 17. Bxg5 N7f6 18. Qh4 exf5 19. Bxf5 (19. c4 $142 Nb4 20. Bxf5) 19... Qc7 ({Worse is} 19... dxc3 20. bxc3 Re8 21. c4 $17) 20. cxd4 Rfe8 21. Rec1 Qd6 22. Rc3 $2 (22. a5) 22... Nxc3 {[%cal Bd5c3,Bc3e2,Be2d4][%mdl 32]} 23. Bxf6 Ne2+ 24. Kf1 {[#]} Bxg2+ $1 25. Ke1 (25. Kxg2 Qd5+) 25... Nxd4+ {Weighted Error Value: White=1.16/Black=0.03 (flawless)} 0-1

[Event "Marmaris Karya-13 IM 2022"]
[Site "Icmeler-Marmaris"]
[Date "2022.01.26"]
[Round "2.1"]
[White "Karadag, Eflatun Cem"]
[Black "Sibashvili, Giorgi"]
[Result "0-1"]
[WhiteElo "1827"]
[BlackElo "2398"]
[Annotator "TA"]
[PlyCount "110"]
[EventDate "2022.01.27"]
[EventType "schev"]
[EventCountry "TUR"]
[SourceTitle "playchess.com"]
[Source "ChessBase"]
[SourceQuality "1"]

{[%evp 12,110,25,15,23,-18,-20,-33,-15,-26,-30,-42,0,0,5,-22,-23,-131,-131,-131,-141,-179,-196,-289,-214,-220,-209,-210,-216,-222,-223,-294,-235,-262,-246,-261,-262,-247,-214,-214,-210,-199,-203,-210,-202,-291,-302,-285,-294,-278,-274,-274,-224,-348,-304,-337,-245,-234,-164,-169,-110,-102,0,-357,-355,-360,-332,-348,-311,-262,-262,-600,-590,-592,-601,-552,-533,-576,-557,-650,-630,-750,-750,-750,-750,-741,-700,-752,-683,-1104,-1124,-29975,-29969,-29984,-29985,-29985,-29986,-29985,-29986,-29989,-29990]} 1. e4 c6 2. d4 d5 3. exd5 cxd5 4. c4 Nf6 5. Nc3 e6 6. Nf3 Be7 7. a3 b6 {[#] B14: Caro-Kann: Panov-Botvinnik Attack with 5...e6 and 5...g6.} 8. b4 $146 (8. cxd5 $142 Nxd5 9. Bb5+ Bd7 10. Bd3) ({Predecessor:} 8. cxd5 Nxd5 9. Bb5+ Bd7 10. Bd3 Nc6 11. O-O O-O 12. Nxd5 exd5 13. h3 Bf6 14. Be3 {½-½ (55) Danielian,E (2517)-Tan,Z (2429) Shenzhen 2011}) 8... dxc4 $11 9. Bxc4 Bb7 {Black is slightly better.} 10. O-O O-O 11. Qe2 Nbd7 (11... Bxf3 $15 {feels stronger.} 12. Qxf3 {[#]} Nc6 $1) 12. Rd1 a5 13. b5 Qc7 14. Bb2 (14. d5 $11 {keeps the balance.}) 14... Bxf3 $17 15. gxf3 Bd6 {[%cal Be7d6,Bd6h2,Bh2f4][%mdl 32]} 16. Rac1 Bxh2+ 17. Kh1 (17. Kg2 $142) 17... Bf4 {And now ...Rac8 would win.} 18. Rc2 Rac8 19. Bb3 Qd8 20. Kg2 Re8 21. Ne4 Rxc2 22. Bxc2 Nd5 23. Rh1 g6 24. Bb3 Qc7 25. Qc4 Qxc4 26. Bxc4 Rc8 27. Bb3 f5 28. Bxd5 (28. a4 {was worth a try.}) 28... exd5 $19 29. Nc3 Nf6 30. Rd1 Rc4 31. Kf1 Bd6 {[%cal Od6a3] ...Bxa3! is the strong threat.} 32. Rd3 (32. Rc1 $142) 32... Kf7 33. Ke2 Bf4 34. Rd1 Ke6 35. Kd3 Kd6 (35... Rc8 $19 36. Rg1 Rc7) 36. Rh1 Nh5 (36... Rc8 $17 37. Re1 Rc7) 37. Re1 $2 {[%mdl 8192] Black converts the advantage convincingly.} (37. a4 $1 $11 {and White stays safe.}) 37... Ng7 38. Rh1 h5 39. Rg1 g5 40. Ne2 Ne6 41. Nxf4 $2 (41. Ng3 Bxg3 42. fxg3) 41... Nxf4+ {[%mdl 4096] Endgame KRB-KRN} 42. Kd2 Ne6 43. Kd3 Ke7 44. Re1 h4 {[%cal Bh5h4,Bh4h3][%mdl 32]} 45. Bc3 Kf6 46. Re5 h3 47. Re1 Nf4+ 48. Kd2 Rc7 {[#] Strongly threatening ...Re7.} 49. Rh1 g4 50. fxg4 fxg4 {[%cal Bf5g4,Bg4g3][%mdl 32]} 51. Re1 Re7 {Black mates.} 52. Rg1 h2 53. Rh1 Re2+ 54. Kd1 Rxf2 55. Bd2 g3 {Weighted Error Value: White=0.65/Black=0.14 (very precise)} 0-1

[Event "Marmaris Karya-13 IM 2022"]
[Site "Icmeler-Marmaris"]
[Date "2022.01.26"]
[Round "2.2"]
[White "Boshra, Alshaeby"]
[Black "Blesic, Vaso"]
[Result "0-1"]
[WhiteElo "1974"]
[BlackElo "2276"]
[Annotator "TA"]
[PlyCount "108"]
[EventDate "2022.01.27"]
[EventType "schev"]
[EventCountry "TUR"]
[SourceTitle "playchess.com"]
[Source "ChessBase"]
[SourceQuality "1"]

{[%evp 13,108,0,2,-5,9,17,13,9,17,19,11,7,2,4,8,3,16,16,7,0,19,0,0,18,21,18,45,43,60,60,54,50,66,9,9,5,4,0,0,0,0,0,0,0,0,-9,-9,-14,-22,-114,-101,-104,-111,-175,-86,-171,-144,-165,-162,-240,-189,-433,-430,-427,-427,-419,-287,-415,-415,-348,-336,-580,-563,-564,-563,-561,-549,-525,-513,-1735,-2120,-1609,-1597,-1278,-1158,-5197,-5185,-5173,-2581,-5173,-5172,-5122,-5122,-4133,-2269,-888,-595]} 1. e4 c5 2. Nf3 d6 3. d4 cxd4 4. Nxd4 Nf6 5. Nc3 a6 6. Rg1 e5 7. Nb3 Be6 8. g4 {B90: Sicilian Najdorf: Unusual White 6th moves, 6 Be3 Ng4 and 6 Be3 e5.} d5 9. exd5 {9.exd5 scores better than 9.g5.} Nxd5 10. Nxd5 {The position is equal.} Qxd5 11. Qxd5 Bxd5 12. Be3 Nc6 13. O-O-O O-O-O 14. Bb6 Rd6 15. Bc5 Rd8 16. Bb6 Rd7 17. Nc5 Bxc5 18. Bxc5 Kc7 {[#]} 19. g5 $146 ({Predecessor:} 19. a3 Rhd8 20. Be2 Be6 21. Rxd7+ Rxd7 22. Rd1 Nd4 23. Bxd4 exd4 24. h3 g5 25. Rf1 Kd6 26. f4 h6 27. Kd2 {0-1 (92) Harshavardhan,G (2406)-Aravindh,C (2598) Xingtai 2019}) 19... Re8 20. Rg3 Be6 21. Rxd7+ Bxd7 22. Bh3 (22. Rc3 {looks sharper.} Be6 23. a4 a5 24. b3 Rd8 25. Bb5) 22... Nd8 {[#]} 23. Rd3 (23. Bd6+ $1 $14 Kxd6 (23... Kc8 24. Rc3+) 24. Rd3+ Kc7 25. Rxd7+ Kc6 26. Bg4) 23... Bxh3 $11 24. Rxh3 {[%mdl 4096] Endgame KRB-KRN} Rh8 25. Be3 Kd6 26. Rh4 f5 27. gxf6 $1 gxf6 {[%cal Bg7f6,Bf6f5,Bf5f4][%mdl 32]} 28. Rh6 Ke6 29. c4 Nf7 30. Rh4 f5 31. Kd2 {[#]} (31. f4 $1 $11) 31... f4 $1 $17 {Black keeps a firm grip on the game.} 32. Bb6 h5 {To avoid Rg4} 33. Rh3 (33. Ke2 $17) 33... Ng5 (33... e4 $19 {and Black stays clearly on top. White must now prevent ...Ne5.} 34. Kc2 Ne5) 34. Ra3 (34. Rd3 $17) 34... e4 $19 {Strongly threatening ...Nf3+.} 35. Bc7 Nf3+ 36. Ke2 (36. Kd1 $142) 36... Rf8 37. Rxf3 $2 (37. Ra5 Rf7 38. Rc5) 37... exf3+ 38. Kxf3 {KR-KB} Rc8 39. Bxf4 Rxc4 {...Rc2 is the strong threat.} 40. Bh6 (40. Bd2 {only move.}) 40... Kf5 41. a3 b5 42. h3 $2 (42. Kg3) 42... Rd4 {Black is clearly winning.} 43. Bg7 Rd3+ 44. Kg2 Kf4 45. Bh6+ Ke4 46. Bg7 (46. Bg5 $142 Rb3 47. Bf6) 46... Rd6 {Threatens to win with ...Rg6+.} 47. Bf8 Rg6+ 48. Kf1 Kf3 {aiming for ...Rg2.} 49. Bb4 Rg2 50. Bc5 Rh2 {[%cal Rh2h1]} 51. Kg1 {Prevents Rh1+.} Rxh3 52. Be7 Kg4 53. Kg2 Rf3 54. Bd8 Rf7 {Weighted Error Value: White=0.60/Black=0.05 (flawless)} 0-1

[Event "Marmaris Karya-13 IM 2022"]
[Site "Icmeler-Marmaris"]
[Date "2022.01.26"]
[Round "2.3"]
[White "Haussernot, Cecile"]
[Black "Darban, Morteza"]
[Result "0-1"]
[WhiteElo "2188"]
[BlackElo "2261"]
[Annotator "TA"]
[PlyCount "84"]
[EventDate "2022.01.27"]
[EventType "schev"]
[EventCountry "TUR"]
[SourceTitle "playchess.com"]
[Source "ChessBase"]
[SourceQuality "1"]

{[%evp 9,84,-10,-3,-12,0,-12,20,14,34,25,27,-11,0,0,0,0,6,0,0,0,0,0,0,0,16,0,0,0,0,-34,-26,-26,-13,-32,-30,-44,86,-44,7,0,0,0,0,7,30,0,0,0,0,-6,0,-170,-164,-236,-255,-289,-160,-594,-588,-628,-259,-1979,-1956,-5891,-2686,-29989,-29990,-29991,-29991,-29991,-29992,-29992,-421,-29993,-29994,-29998,-29999]} 1. e4 c5 2. b3 d6 3. Bb2 Nc6 4. Bb5 Bd7 5. f4 a6 6. Bxc6 {B20: Sicilian: Unusual White 2nd moves.} Bxc6 7. Qe2 {[#]} e5 $146 ({Predecessor:} 7... Nf6 8. Nc3 e6 9. Nf3 b5 10. e5 dxe5 11. Nxe5 Qc7 12. Nxc6 Qxc6 13. O-O-O Be7 {½-½ (67) Durarbayli,V (2615)-Tazbir,M (2508) Katowice 2021}) 8. Nf3 {The position is equal.} f6 9. O-O Ne7 {[%cal Bg8e7,Be7g6,Bg6f4,Bf4h3][%mdl 32]} 10. a4 Ng6 11. f5 Nf4 12. Qe1 {[%cal Od2d4]} g5 13. g3 Nh3+ 14. Kg2 g4 15. c4 $1 {[%cal Od2d3] Inhibits d5.} Qb6 (15... gxf3+ 16. Kxh3 b5 17. axb5 axb5 18. Nc3 $16) 16. Ra3 Qc7 {[#]} (16... gxf3+ 17. Kxh3 h5 18. Rxf3 $14) 17. d3 $1 Qf7 (17... gxf3+ 18. Kxh3 h5 19. Nd2 $14) 18. Nh4 Bh6 19. Qe2 Qh5 $1 20. Kh1 {[#]} Nf4 $1 21. Qd1 {[#]} Bg5 $1 22. gxf4 (22. Bc1 Bxh4) 22... exf4 {[#]} (22... Bxf4 $15 {stays ahead.} 23. Qe1 (23. Rxf4 exf4 24. Ng2 f3 $15) 23... g3) 23. Bc1 Qxh4 (23... Bxh4 $15 24. Bxf4 Qxf5) 24. Bxf4 $11 Bxf4 25. Rxf4 h5 26. Ra2 Qg5 27. Qf1 h4 28. Rg2 g3 29. h3 b5 30. d4 $2 (30. Re2 $11 {and White stays safe.}) 30... cxd4 $19 {[%cal Bc5d4,Bd4d3][%mdl 32]} 31. cxb5 (31. Na3 $142 bxa4 32. Nc2) 31... axb5 32. Rc2 {[#]} Rc8 ({Stronger than} 32... bxa4 33. Qc4 Bd7 34. Rg4 $11) (32... d3 $1 $19 33. Rxc6 g2+ 34. Qxg2 Qxf4) 33. Na3 (33. axb5 $17 {was the crucial defense.} Bb7 34. Rxc8+ Bxc8 35. Kg1) 33... d3 34. Rd2 Kd8 (34... Kd7 $142 35. Kg1 {[#]} Bxe4 $1 {[%mdl 512]}) 35. Nb1 $2 (35. Qf3 Bd7 36. Rd1) 35... Re8 36. Kg1 Rxe4 37. Rf3 Re3 38. Rf4 {[#]} Qxf4 $3 {[%mdl 512]} 39. Qxf4 Re1+ 40. Qf1 Rxf1+ 41. Kxf1 Bf3 42. Rxd3 Rc1+ {Weighted Error Value: White=0.78/Black=0.25 (precise)} 0-1

[Event "Marmaris Karya-13 IM 2022"]
[Site "Icmeler-Marmaris"]
[Date "2022.01.26"]
[Round "2.4"]
[White "Kirilmaz, Emre"]
[Black "Ozsakallioglu, Okan"]
[Result "1/2-1/2"]
[WhiteElo "2229"]
[BlackElo "2179"]
[Annotator "TA"]
[PlyCount "48"]
[EventDate "2022.01.27"]
[EventType "schev"]
[EventCountry "TUR"]
[SourceTitle "playchess.com"]
[Source "ChessBase"]
[SourceQuality "1"]

{[%evp 9,48,-10,1,-7,0,-6,18,17,21,21,27,14,16,16,73,77,63,14,6,14,20,0,0,0,0,-1,0,0,4,4,4,4,6,0,0,0,0,0,3,0,0]} 1. d4 d5 2. c3 e6 3. Nf3 c5 4. Bf4 Bd6 5. Bg3 Nf6 6. Nbd2 {D02: 1 d4 d5 2 Nf3 sidelines, including 2...Nf6 3 g3 and 2...Nf6 3 Bf4.} Qc7 {[#]} 7. dxc5 $146 ({Predecessor:} 7. e3 Nbd7 8. Bd3 O-O 9. Qe2 e5 10. dxe5 Nxe5 11. Nxe5 Bxe5 12. Bxe5 Qxe5 13. h3 b6 14. O-O Bb7 15. Nf3 Qc7 16. a4 a5 {½-½ (78) Tsydypov,Z (2558)-Tejedor Fuente,E (2442) Chess.com INT 2020}) 7... Qxc5 (7... Bxg3 {feels hotter.} 8. hxg3 O-O 9. e3 Qxc5 10. Bd3 h6) 8. e4 {Nb3 is the strong threat.} Bxg3 9. hxg3 dxe4 {[#]} 10. Nxe4 Nxe4 {[%csl Ge4][%cal Rc5f2]} 11. Qa4+ Nd7 (11... Qc6 $2 12. Bb5 Bd7 13. Bxc6 $18) (11... Bd7 $1 $11 {keeps the balance.} 12. Qxe4 Bc6) 12. Qxe4 $16 Nf6 13. Qe5 {White is more active.} (13. Qf4 $1 $14) 13... Qxe5+ $11 {The position is equal.} 14. Nxe5 Nd7 15. Bb5 Ke7 16. Bxd7 Bxd7 17. O-O-O Rad8 18. Rh4 f6 19. Rxd7+ Rxd7 20. Nxd7 Kxd7 {KR-KR} 21. Rh1 Ke7 22. Rh4 Kd7 23. Rh1 Ke7 24. Rh4 Kd7 {Weighted Error Value: White=0.07 (flawless) /Black=0.08 (flawless)} 1/2-1/2